00463nam a2200157Ia 4500008004100000020001300041082001600054100003300070245003300103250000700136260004300143300002900186500001900215600002100234650005000255240925s9999 xx 000 0 und d a78925835 a005.133 OAN aGabriel, Oancea; Donald, Bob 0aVisual Basic.Net: by example aNA aIndia:bTechmedia publicationsc,2002. axiii,254p.bNAfOriginal aIncludes Index aComputer Science aComputer science, information & general works